[Event "Spice Cup Open"]
[Site "Saint Louis USA"]
[Date "2012.10.17"]
[Round "4"]
[White "Kavutskiy, Konstantin"]
[Black "Cassidy, Brian H"]
[Result "1-0"]
[WhiteTitle "FM"]
[WhiteElo "2287"]
[BlackElo "2098"]
[WhiteFideId "2026384"]
[BlackFideId "2064910"]
[EventDate "2012.10.16"]

1. d4 Nf6 2. c4 e6 3. Nf3 d5 4. g3 Be7 5. Bg2 O-O 6. O-O c6 7. Qc2 Nbd7 8. Nbd2
b6 9. e4 c5 10. cxd5 exd5 11. e5 Ne8 12. Re1 Nc7 13. Nf1 Bb7 14. Ne3 Re8 15. Nf5
Bf8 16. h4 h6 17. h5 Ne6 18. Be3 Rc8 19. Qd2 Kh7 20. Bf1 cxd4 21. N5xd4 Ndc5 22.
Nxe6 Nxe6 23. Nd4 Nc5 24. f4 Ne4 25. Qg2 Bc5 26. a3 a5 27. Rac1 Re7 28. Rcd1
Rec7 29. Qh3 Qe7 30. Qg4 Rg8 31. e6 g6 32. Bd3 gxh5 33. Qxh5 Bxd4 34. Bxd4 Qxe6
35. Kh2 f5 36. Rc1 Rgc8 37. Rxc7+ Rxc7 38. g4 fxg4 39. Rg1 g3+ 40. Rxg3 Bc8 41.
Rg5 Bb7 42. Re5 Qf7 43. Qxf7+ Rxf7 44. Bxb6 a4 45. Bc2 Bc6 46. Re6 Bd7 47. Rd6
Kg7 48. Rxd5 Nf6 49. Bd4 Re7 50. Rd6 Re2+ 51. Kg1 Rxc2 52. Rxd7+ Kg6 53. Rd6 Kf5
54. Rxf6+ Ke4 55. Bc3 Kf3 56. Re6 Rg2+ 57. Kh1 Rg4 58. f5 h5 59. Rg6 Rf4 60. f6
Kf2 61. Rg2+ Kf1 62. Rh2 h4 63. Be5 Rf5 64. Rxh4 Rxe5 65. Rf4+ 1-0

[Event "Spice Cup Open"]
[Site "Saint Louis USA"]
[Date "2012.10.17"]
[Round "4"]
[White "Amanov, Zhanibek"]
[Black "Aripov, Iskandar"]
[Result "1-0"]
[WhiteTitle "IM"]
[WhiteElo "2374"]
[BlackElo "2155"]
[WhiteFideId "13700189"]
[BlackFideId "14202395"]
[EventDate "2012.10.16"]

1. c4 b6 2. Nc3 Bb7 3. e4 e6 4. Nf3 Bb4 5. Qc2 Ne7 6. Bd3 Na6 7. Na4 Ng6 8. a3
Be7 9. Nc3 Nc5 10. Bf1 e5 11. d4 exd4 12. Nxd4 O-O 13. f3 Bg5 14. Bxg5 Qxg5 15.
Qd2 Qf6 16. O-O-O a5 17. Kb1 c6 18. Nc2 Nf4 19. g3 Nfe6 20. f4 b5 21. e5 Qf5 22.
Bd3 Qxd3 23. Qxd3 Nxd3 24. Rxd3 Nc5 25. Rd4 Nb3 26. Rxd7 Bc8 27. Rd6 b4 28. Na4
Bf5 29. g4 Bxg4 30. Ne3 Bf3 31. Rf1 Be4+ 32. Ka2 bxa3 33. Kxb3 axb2 34. Kxb2
Rfb8+ 35. Kc3 Rb4 36. Rfd1 Bf3 1-0

[Event "Spice Cup Open"]
[Site "Saint Louis USA"]
[Date "2012.10.17"]
[Round "3"]
[White "Fierro Baquero, Martha L."]
[Black "Hendrickson, Nolan R"]
[Result "1/2-1/2"]
[WhiteTitle "IM"]
[WhiteElo "2387"]
[BlackElo "2146"]
[WhiteFideId "3600270"]
[BlackFideId "2038188"]
[EventDate "2012.10.16"]

1. c4 e5 2. g3 Nc6 3. Bg2 f5 4. Nc3 Nf6 5. d3 Bb4 6. Bd2 O-O 7. Nd5 a5 8. e3 d6
9. Ne2 Bxd2+ 10. Qxd2 Ne7 11. O-O c6 12. Nxf6+ Rxf6 13. d4 Qc7 14. f4 e4 15. d5
c5 16. Nc3 Bd7 17. g4 g6 18. Rf2 Rf7 19. b3 Re8 20. Qb2 Nc8 21. Kh1 Qd8 22. g5
Na7 23. Bf1 Qc7 24. Be2 Rb8 25. a4 Be8 26. Rg1 Rg7 27. h4 Rd8 28. Rh2 Rdd7 29.
Rg3 Kf8 30. h5 Rdf7 31. Rgh3 Ke7 32. Qc2 Kd8 33. hxg6 hxg6 34. Rh6 Nc8 35. Kg1
Ne7 36. Rh8 Ng8 37. Bf1 b6 38. Bh3 Qe7 39. Ne2 Kc7 40. Qd2 Qd7 41. Ng3 Qe7 42.
Qb2 Bd7 43. Ne2 Be8 44. Qa1 Qd7 45. Kf2 Kb7 46. Rh1 Ka7 47. Nc3 Qc7 48. Bg2 Bd7
49. Ke2 Kb7 50. Kd2 Ka7 51. R1h3 Be8 52. Qh1 Bd7 53. R3h4 Kb7 54. R8h7 Be8 55.
Rh8 Bd7 56. R4h7 Be8 57. Rxg7 Rxg7 58. Qh2 Qe7 59. Qh1 Bd7 60. Kc2 Qf7 61. Kd1
Ne7 62. Qh2 Rg8 63. Rh7 Rg7 64. Rh6 Rg8 65. Rh7 Rg7 66. Rh8 Rg8 67. Qh6 Rg7 68.
Bh3 Rg8 69. Rh7 Qe8 70. Ke2 Kc7 71. Kd2 Kd8 72. Bg2 Kc7 73. Bf1 Kd8 74. Be2 Kc7
75. Bd1 Kd8 76. Bc2 Kc7 77. Ne2 Kd8 78. Bd1 Kc7 79. Rg7 Qf8 80. Rh7 Qe8 81. Bc2
Kd8 82. Nc3 Kc7 83. Qh4 Rf8 84. Kc1 Rf7 85. Qh6 Rxh7 86. Qxh7 Qf8 87. Kd2 Kd8
88. Bd1 Qg8 1/2-1/2

[Event "Spice Cup Open"]
[Site "Saint Louis USA"]
[Date "2012.10.17"]
[Round "4"]
[White "Jung, Hans Rudolf"]
[Black "Schneider, Veronika"]
[Result "1/2-1/2"]
[WhiteTitle "FM"]
[BlackTitle "WGM"]
[WhiteElo "2150"]
[BlackElo "2313"]
[WhiteFideId "2600609"]
[BlackFideId "721530"]
[EventDate "2012.10.16"]

1. Nc3 c5 2. e4 e6 3. Bc4 a6 4. a4 Nc6 5. f4 Nge7 6. e5 Nf5 7. Nf3 d6 8. O-O
dxe5 9. fxe5 Nxe5 10. Nxe5 Qd4+ 11. Kh1 Qxe5 12. d3 Bd6 13. Bf4 Qd4 14. Bb5+ Kf8
15. Ne2 Qb4 16. c3 Qa5 17. Bxd6+ Nxd6 18. Bc4 Bd7 19. Nf4 Re8 20. Qh5 Kg8 21.
Qe5 Nxc4 22. dxc4 f6 23. Qd6 Bc8 24. Rae1 Kf7 25. Nh5 Re7 26. Qe5 Qc7 27. Rxf6+
Ke8 28. Rf2 Qxe5 29. Rxe5 Rc7 30. Nf4 Rc6 31. g3 Ke7 32. a5 Rd8 33. Nh5 g6 34.
Nf6 Rf8 35. Nd5+ Ke8 36. Rxf8+ Kxf8 37. Nb6 Ke7 38. Na4 Kd6 39. Re2 Rc7 40. Rd2+
Ke7 41. Nb6 Bd7 42. Re2 Kf6 43. Kg1 Bc6 44. Rf2+ Ke7 1/2-1/2

[Event "Spice Cup Open"]
[Site "Saint Louis USA"]
[Date "2012.10.18"]
[Round "5"]
[White "Robson, Ray"]
[Black "Corrales Jimenez, Fidel"]
[Result "1/2-1/2"]
[WhiteTitle "GM"]
[BlackTitle "GM"]
[WhiteElo "2602"]
[BlackElo "2605"]
[WhiteFideId "2023970"]
[BlackFideId "3506690"]
[EventDate "2012.10.16"]

1. e4 c5 2. Nf3 Nc6 3. d4 cxd4 4. Nxd4 Nf6 5. Nc3 e5 6. Ndb5 d6 7. Bg5 a6 8. Na3
b5 9. Nd5 Be7 10. Bxf6 Bxf6 11. c4 b4 12. Nc2 a5 13. g3 O-O 14. h4 Be6 15. Bh3
Bxd5 16. cxd5 Nb8 17. Ne3 Na6 18. Rc1 Qb8 19. O-O Nc5 20. Rxc5 dxc5 21. Nc4 b3
22. axb3 Qb4 23. d6 a4 24. Qd5 axb3 25. d7 Rab8 26. Rc1 Qb7 27. Qxb7 Rxb7 28.
Nd6 Rb4 29. Rxc5 Be7 30. Rc8 Rd4 31. Nb7 Rxe4 32. Re8 Bf6 33. Nc5 Re1+ 34. Kg2
g6 35. Nxb3 Re2 36. h5 Rxb2 37. Nc5 Rb8 38. Ne4 Bd8 39. g4 g5 40. Rxe5 f6 41.
Re8 Rb6 42. f4 h6 43. Ng3 Rb2+ 44. Kf1 Rb1+ 45. Kg2 Rd1 46. Nf5 Rxd7 47. Nxh6+
Kg7 48. Nf5+ Kf7 49. Rxf8+ Kxf8 50. fxg5 fxg5 51. Kf2 Ra7 52. Bf1 Kf7 53. Bd3
Kf6 54. Ng3 Ke5 55. Ne2 Ra3 56. Bf5 Bb6+ 57. Kg2 Re3 58. Ng1 Ra3 59. Ne2 Ra2 60.
Kf3 Ra3+ 1/2-1/2

[Event "Spice Cup Open"]
[Site "Saint Louis USA"]
[Date "2012.10.18"]
[Round "5"]
[White "Perelshteyn, Eugene"]
[Black "Finegold, Benjamin"]
[Result "1-0"]
[WhiteTitle "GM"]
[BlackTitle "GM"]
[WhiteElo "2528"]
[BlackElo "2493"]
[WhiteFideId "2012529"]
[BlackFideId "2000261"]
[EventDate "2012.10.16"]

1. e4 e6 2. f4 d5 3. e5 Nh6 4. Nf3 Nf5 5. c3 Be7 6. Bd3 c5 7. O-O h5 8. Bxf5
exf5 9. d4 Nc6 10. Be3 c4 11. Nbd2 Be6 12. Bf2 b5 13. Qe1 b4 14. Bh4 bxc3 15.
bxc3 Qa5 16. Bxe7 Kxe7 17. Qc1 Rab8 18. a4 Rhd8 19. Ng5 Rd7 20. Rf3 Rdb7 21.
Qa3+ Ke8 22. Rh3 g6 23. Nh7 Ne7 24. Nf6+ Kf8 25. Rg3 Rb2 26. Rd1 Qc7 27. h4 a5
28. Kh2 Rc2 29. Nf3 Rb3 30. Qd6 Qxd6 31. exd6 Nc6 32. Ne5 Nxe5 33. dxe5 Rcxc3
34. Rxc3 Rxc3 35. Rxd5 Bxd5 36. d7 Ke7 37. Nxd5+ Kxd7 38. Nxc3 Kc6 39. Kg3 Kc5
40. Na2 Kd4 41. Kf2 Kd3 42. Nc1+ Kd2 43. Ne2 c3 44. Nd4 c2 45. Nb3+ Kc3 46. Nc1
Kd2 47. Na2 Kd3 48. Ke1 Ke3 49. Nc1 Kxf4 50. Kd2 Kg3 51. Nb3 Kxg2 52. Nxa5 f4
53. Nc4 f3 54. Kxc2 g5 55. hxg5 h4 56. g6 fxg6 57. e6 h3 58. e7 h2 59. e8=Q h1=Q
60. Qxg6+ Kf2 61. Nd2 Qa1 62. Qb6+ Kg2 63. Qb3 1-0

[Event "Spice Cup Open"]
[Site "Saint Louis USA"]
[Date "2012.10.18"]
[Round "5"]
[White "Bykhovsky, Anatoly"]
[Black "Diamant, Andre"]
[Result "1/2-1/2"]
[WhiteTitle "GM"]
[BlackTitle "GM"]
[WhiteElo "2522"]
[BlackElo "2471"]
[WhiteFideId "2806991"]
[BlackFideId "2108356"]
[EventDate "2012.10.16"]

1. d4 Nf6 2. Nf3 g6 3. c4 Bg7 4. Nc3 d6 5. e4 O-O 6. Be2 e5 7. O-O exd4 8. Nxd4
Re8 9. f3 Nc6 10. Be3 Nh5 11. Qd2 Nf4 12. Rfd1 Nxd4 13. Bxd4 Bxd4+ 14. Qxd4
Nxe2+ 15. Nxe2 b6 16. Nc3 Bb7 17. Rac1 Qg5 18. Rc2 f5 19. Nd5 Bxd5 20. Qxd5+ Kg7
21. exf5 Qxf5 22. Qxf5 gxf5 23. b4 Kf6 24. Kf2 Re5 25. c5 bxc5 26. bxc5 Rxc5 27.
Rxc5 dxc5 28. Rd5 Rb8 29. Rxc5 Rb2+ 30. Kg3 Rxa2 31. Rc6+ Kg7 32. Rxc7+ Kg6 33.
Rc6+ Kg7 34. h4 Ra4 35. h5 Ra2 36. Kh3 Ra4 37. Rd6 Ra5 38. Kh4 Ra2 39. h6+ Kf7
40. g3 Ra3 41. f4 Re3 42. Ra6 Re6 43. Rxa7+ Kg6 44. Rg7+ Kxh6 45. Rg5 Rf6 46.
Kh3 Rf8 47. Kg2 Rf7 48. Kf3 Rf6 49. Kf2 Rf8 50. Ke3 Re8+ 51. Kd4 Re4+ 52. Kd5
Rxf4 53. gxf4 1/2-1/2

[Event "Spice Cup Open"]
[Site "Saint Louis USA"]
[Date "2012.10.18"]
[Round "5"]
[White "Mogranzini, Roberto"]
[Black "Ramirez, Alejandro"]
[Result "0-1"]
[WhiteTitle "IM"]
[BlackTitle "GM"]
[WhiteElo "2492"]
[BlackElo "2551"]
[WhiteFideId "810894"]
[BlackFideId "6500617"]
[EventDate "2012.10.16"]

1. c4 g6 2. g3 Bg7 3. Bg2 e5 4. Nc3 d6 5. d3 Nf6 6. e4 O-O 7. Nge2 c6 8. O-O
Nbd7 9. h3 a5 10. Be3 Re8 11. Qd2 Nf8 12. f4 exf4 13. Nxf4 Ne6 14. Nxe6 Bxe6 15.
Kh2 Qc7 16. Rac1 Nd7 17. b3 c5 18. Nb5 Qb6 19. Rfd1 Be5 20. d4 cxd4 21. Bxd4 Nc5
22. Bc3 Red8 23. Qf2 Qc6 24. Rxd6 Rxd6 25. Bxe5 Nd3 26. Qd2 Rd7 27. Ba1 Nxc1 28.
Qc3 f6 29. Qxf6 Rf8 30. Qh8+ Kf7 31. Qxh7+ Ke8 32. Qxg6+ Bf7 33. Qg5 Nd3 34. e5
Qc5 35. Qd2 Nxe5 36. Qe1 Re7 37. Qd2 Bd5 38. cxd5 Rf2 39. Qc3 Nf3+ 0-1

[Event "Spice Cup Open"]
[Site "Saint Louis USA"]
[Date "2012.10.18"]
[Round "5"]
[White "Amanov, Mesgen"]
[Black "Hendrickson, Nolan R"]
[Result "1-0"]
[WhiteTitle "GM"]
[WhiteElo "2507"]
[BlackElo "2146"]
[WhiteFideId "14000652"]
[BlackFideId "2038188"]
[EventDate "2012.10.16"]

1. d4 d5 2. c4 c6 3. Nf3 Nf6 4. Nc3 a6 5. cxd5 cxd5 6. Bf4 Nc6 7. Rc1 Nh5 8. Bd2
Nf6 9. Bf4 Nh5 10. Be5 f6 11. Bg3 Nxg3 12. hxg3 e5 13. e3 Be6 14. Be2 Be7 15.
O-O O-O 16. Na4 Bg4 17. Nc5 Bxc5 18. Rxc5 Bxf3 19. Bxf3 e4 20. Be2 Qd7 21. Qa4
Kh8 22. Rfc1 f5 23. b4 g5 24. Qb3 Rad8 25. b5 axb5 26. Bxb5 f4 27. Bxc6 bxc6 28.
exf4 gxf4 29. gxf4 Rxf4 30. Qg3 Rf5 31. Rxc6 Rg8 32. Qh3 e3 33. fxe3 Qg7 34. Rc7
Rf7 35. Rxf7 Qxf7 36. Rc8 Qb7 37. Rxg8+ Kxg8 38. Qe6+ Kh8 39. a4 Qa8 40. Qf7 h6
41. Qg6 Qxa4 42. Qxh6+ Kg8 43. Qg5+ 1-0

[Event "Spice Cup Open"]
[Site "Saint Louis USA"]
[Date "2012.10.18"]
[Round "5"]
[White "Helfst, Matt D"]
[Black "Aripov, Iskandar"]
[Result "0-1"]
[WhiteElo "1965"]
[BlackElo "2155"]
[WhiteFideId "2044102"]
[BlackFideId "14202395"]
[EventDate "2012.10.16"]

1. Nf3 Nf6 2. c4 c5 3. d4 cxd4 4. Nxd4 Nc6 5. Nc3 g6 6. e4 d6 7. Be2 Nxd4 8.
Qxd4 Bg7 9. Be3 O-O 10. Qd2 a5 11. O-O a4 12. Rab1 Be6 13. f3 Qa5 14. Nd5 Qxd2
15. Nxe7+ Kh8 16. Bxd2 Rfe8 17. Nd5 Nxd5 18. cxd5 Bxd5 19. Bb5 Bxa2 20. Ra1 Bd4+
21. Kh1 Re5 22. Bc3 Bxc3 23. Rxa2 Rxb5 24. bxc3 Rb3 25. Rc1 b5 26. Kg1 a3 27.
Kf1 Rc8 28. Rac2 Kg7 29. Ke1 Rbxc3 30. Rxc3 Rxc3 31. Rxc3 b4 32. Rc1 b3 33. Kd2
b2 34. Kc2 bxc1=Q+ 35. Kxc1 Kf6 36. f4 Ke6 37. Kc2 d5 38. e5 d4 0-1

[Event "Spice Cup Open"]
[Site "Saint Louis USA"]
[Date "2012.10.18"]
[Round "5"]
[White "Mikhalevski, Victor"]
[Black "Gerzhoy, Leonid"]
[Result "1/2-1/2"]
[WhiteTitle "GM"]
[BlackTitle "IM"]
[WhiteElo "2538"]
[BlackElo "2469"]
[WhiteFideId "2801914"]
[BlackFideId "2806126"]
[EventDate "2012.10.16"]

1. c4 e6 2. Nf3 d5 3. b3 c5 4. g3 Nc6 5. Bg2 Nf6 6. O-O Be7 7. e3 O-O 8. Bb2 b6
9. Qe2 Bb7 10. Rd1 dxc4 11. bxc4 Rc8 12. d3 Qc7 13. Nbd2 Rfd8 14. Nb3 Ne8 15.
Rac1 Bf6 16. d4 cxd4 17. exd4 Ne7 18. d5 Bxb2 19. Qxb2 exd5 20. cxd5 Qd6 21.
Rxc8 Rxc8 22. Nfd4 Bxd5 23. Nf5 Nxf5 24. Rxd5 Qe6 25. Re5 Qd7 26. Bh3 g6 27.
Bxf5 gxf5 28. Qe2 Ng7 29. Qe3 Re8 30. Nd4 Rxe5 31. Qxe5 Qe8 32. Qf6 Qe1+ 33. Kg2
Qe4+ 34. f3 Qd5 35. a4 Qa2+ 36. Kh3 Qxa4 37. Nc6 Qd1 38. Nxa7 Qf1+ 39. Kh4 Qc4+
40. Kh3 Qf1+ 41. Kh4 Qc4+ 42. Kh3 Qf1+ 43. Kh4 1/2-1/2

[Event "Spice Cup Open"]
[Site "Saint Louis USA"]
[Date "2012.10.18"]
[Round "5"]
[White "Sarkar, Justin"]
[Black "Bartholomew, John"]
[Result "1/2-1/2"]
[WhiteTitle "IM"]
[BlackTitle "IM"]
[WhiteElo "2408"]
[BlackElo "2446"]
[WhiteFideId "2010011"]
[BlackFideId "2019353"]
[EventDate "2012.10.16"]

1. d4 d5 2. c4 e6 3. Nc3 Be7 4. Bf4 Nf6 5. Rc1 O-O 6. Nf3 dxc4 7. e3 a6 8. Bxc4
c5 9. dxc5 Qxd1+ 10. Kxd1 Bxc5 11. Ke2 Nbd7 12. Rhd1 b5 13. Bd3 Bb7 14. Ng5 h6
15. Nge4 Be7 16. f3 Nb6 17. Bd6 Rfe8 18. Bxe7 Rxe7 19. Nxf6+ gxf6 20. Ne4 f5 21.
Nc5 Bd5 22. b3 Rc7 23. Bb1 Rac8 24. Nd3 Kf8 25. Rxc7 Rxc7 26. Nf4 Rc5 27. Kd2
Ke7 28. Rc1 Rxc1 29. Kxc1 Kd6 30. Kb2 Bc6 1/2-1/2

[Event "Spice Cup Open"]
[Site "Saint Louis USA"]
[Date "2012.10.18"]
[Round "5"]
[White "Heredia Serrano, Carla"]
[Black "Agrest, Inna"]
[Result "1-0"]
[WhiteTitle "WIM"]
[BlackTitle "WIM"]
[WhiteElo "2188"]
[BlackElo "2204"]
[WhiteFideId "3603687"]
[BlackFideId "1708830"]
[EventDate "2012.10.16"]

1. e4 e5 2. Nf3 Nc6 3. Nc3 Nf6 4. Bb5 Bb4 5. O-O O-O 6. d3 Bxc3 7. bxc3 d6 8.
Bg5 Qe7 9. Re1 Nd8 10. d4 Ne6 11. Bd2 c6 12. Bd3 Nd7 13. a4 a5 14. Be3 Qf6 15.
Qd2 h6 16. Rad1 g5 17. Qc1 Nf4 18. Bxf4 gxf4 19. Qa3 Re8 20. h3 Nf8 21. Rb1 Qg7
22. Kh2 Re6 23. Red1 Rg6 24. Bf1 f5 25. Nh4 Rf6 26. dxe5 dxe5 27. Nxf5 Bxf5 28.
exf5 Rxf5 29. Qb3+ Kh8 30. Qxb7 Qxb7 31. Rxb7 e4 32. Rd6 Rc5 33. Rxh6+ Kg8 34.
Rf6 Rxc3 35. Rxf4 Re8 36. Be2 Rxc2 37. Bh5 Rd8 38. Bf7+ Kh8 39. Rh4+ 1-0

[Event "Spice Cup Open"]
[Site "Saint Louis USA"]
[Date "2012.10.18"]
[Round "5"]
[White "Amanov, Zhanibek"]
[Black "Charbonneau, Pascal"]
[Result "1-0"]
[WhiteTitle "IM"]
[BlackTitle "GM"]
[WhiteElo "2374"]
[BlackElo "2517"]
[WhiteFideId "13700189"]
[BlackFideId "2602504"]
[EventDate "2012.10.16"]

1. e4 c5 2. Nf3 e6 3. d4 cxd4 4. Nxd4 a6 5. Nc3 b5 6. a3 Bb7 7. g3 Nc6 8. Nb3
Nf6 9. Bg2 d6 10. O-O Be7 11. f4 h6 12. Qe2 O-O 13. Be3 Qc7 14. g4 Nh7 15. Qf2
Bf6 16. h4 Qe7 17. g5 hxg5 18. hxg5 Bxc3 19. bxc3 e5 20. f5 Nxg5 21. f6 gxf6 22.
Qg3 Nd8 23. Nd4 Ne6 24. Nf5 Qc7 25. Qh4 Qxc3 26. Qh6 Nh7 27. Rf3 Qxa1+ 28. Kh2 1-0

[Event "Spice Cup Open"]
[Site "Saint Louis USA"]
[Date "2012.10.18"]
[Round "5"]
[White "Hambleton, Aman"]
[Black "Kiewra, Keaton F"]
[Result "0-1"]
[WhiteTitle "FM"]
[BlackTitle "IM"]
[WhiteElo "2348"]
[BlackElo "2442"]
[WhiteFideId "2606577"]
[BlackFideId "2019280"]
[EventDate "2012.10.16"]

1. d4 Nf6 2. c4 g6 3. Nc3 Bg7 4. e4 d6 5. f3 O-O 6. Be3 Nc6 7. Nge2 a6 8. Qd2
Rb8 9. Rc1 Bd7 10. Nd1 Re8 11. Nf2 b5 12. c5 dxc5 13. Rxc5 e5 14. d5 Ne7 15. Qc1
Bf8 16. Bg5 Nc8 17. Rc2 Bb4+ 18. Bd2 Bxd2+ 19. Qxd2 Nd6 20. Ng3 Rc8 21. Be2 c6
22. dxc6 Rxc6 23. Rxc6 Bxc6 24. O-O Qe7 25. Rc1 Bb7 26. Nd3 Nc4 27. Qg5 Nd7 28.
Qxe7 Rxe7 29. b3 Nd6 30. Nf1 Kf8 31. Ne3 Ke8 32. a4 f5 33. exf5 e4 34. fxe4 bxa4
35. bxa4 Rxe4 36. fxg6 hxg6 37. Kf2 Rxa4 38. Bf3 Ne4+ 39. Bxe4 Bxe4 40. Nc5 Ra2+
41. Kg3 Nxc5 42. Rxc5 Kd7 43. h4 a5 44. Kf4 Bb1 45. Rb5 Ra1 46. Rd5+ Kc6 47. Rd1
Ra4+ 48. Kg5 Rb4 49. Nd5 Rb5 50. Kf6 Be4 51. Nc3 Rf5+ 52. Kxg6 Bc2 53. Rc1 Rf2+
54. Kg5 Rxg2+ 55. Kf4 Bg6 56. Ne2+ Kb6 57. Kf3 Rh2 58. Nf4 Bc2 59. Kg3 Rd2 60.
h5 a4 61. h6 Ka5 62. Ne6 a3 63. Ng5 Bg6 64. h7 Rd8 65. Kf4 Rh8 66. Ke5 Kb4 67.
Rc7 a2 68. Ra7 Kb3 69. Rb7+ Kc2 70. Ra7 Kb2 71. Rb7+ Kc1 72. Ra7 Kb1 73. Rb7+
Ka1 74. Kf6 Bxh7 75. Nxh7 Re8 76. Ng5 Re2 77. Nf3 Rb2 78. Re7 Rf2 79. Kf5 Rxf3+
80. Ke4 Rb3 81. Kd4 Kb2 82. Re2+ Ka3 83. Re1 0-1

[Event "Spice Cup Open"]
[Site "Saint Louis USA"]
[Date "2012.10.18"]
[Round "5"]
[White "Kleiman, Jake"]
[Black "Sharevich, Anna"]
[Result "1-0"]
[WhiteTitle "IM"]
[BlackTitle "WGM"]
[WhiteElo "2377"]
[BlackElo "2294"]
[WhiteFideId "2020041"]
[BlackFideId "13503189"]
[EventDate "2012.10.16"]

1. e4 c5 2. c3 Nf6 3. e5 Nd5 4. Bc4 Nb6 5. Bb3 c4 6. Bc2 Qc7 7. Qe2 Nc6 8. Nf3
g5 9. Na3 g4 10. Nb5 Qb8 11. Nh4 Nxe5 12. O-O a6 13. Nd4 e6 14. f4 gxf3 15.
Nhxf3 Bg7 16. Ng5 Nd5 17. b3 Nf6 18. Ba3 h6 19. Nxf7 Nxf7 20. Bg6 h5 21. Nf5 Bf8
22. Bxf8 Kxf8 23. Rae1 Qe5 24. Qxc4 Qb5 25. Qh4 Qb6+ 26. Nd4 1-0

[Event "Spice Cup Open"]
[Site "Saint Louis USA"]
[Date "2012.10.18"]
[Round "5"]
[White "Schneider, Veronika"]
[Black "Finegold, Spencer"]
[Result "1-0"]
[WhiteTitle "WGM"]
[WhiteElo "2313"]
[BlackElo "2081"]
[WhiteFideId "721530"]
[BlackFideId "2047527"]
[EventDate "2012.10.16"]

1. e4 c5 2. Nf3 d6 3. c3 Nf6 4. Bc4 e6 5. e5 dxe5 6. Nxe5 Nbd7 7. Nf3 Be7 8. d4
O-O 9. O-O Qc7 10. Qe2 Nb6 11. Bb3 c4 12. Bc2 Nbd5 13. Ne5 b5 14. Bg5 Bb7 15.
Nd2 h6 16. f4 Ne8 17. Bxh6 gxh6 18. Qg4+ Ng7 19. Qh3 f5 20. Rae1 h5 21. Bd1 Nf6
22. Re3 Ng4 23. Rg3 Rf6 24. Ndf3 Bd6 25. Ng5 Bxe5 26. fxe5 Rg6 27. Bxg4 Rxg5 28.
Bxh5 Rxg3 29. Qxg3 Bc6 30. Rf4 Be8 31. Bf3 Rd8 32. Rh4 Qf7 33. Qg5 Rd7 34. Qh6
Qg6 35. Qh8+ Kf7 36. Rh7 1-0

[Event "Spice Cup Open"]
[Site "Saint Louis USA"]
[Date "2012.10.18"]
[Round "5"]
[White "Jayakumar, Adarsh"]
[Black "Bregadze, Levan"]
[Result "0-1"]
[WhiteTitle "FM"]
[BlackTitle "IM"]
[WhiteElo "2290"]
[BlackElo "2366"]
[WhiteFideId "5026520"]
[BlackFideId "13603264"]
[EventDate "2012.10.16"]

1. d4 Nf6 2. c4 d6 3. Nf3 g6 4. g3 Bg7 5. Bg2 O-O 6. O-O Nbd7 7. Nc3 e5 8. e4 c6
9. h3 a6 10. Bg5 h6 11. Be3 exd4 12. Nxd4 Re8 13. Qd2 Kh7 14. Rad1 Ne5 15. Qe2
c5 16. Nc2 Be6 17. Nd5 Nxd5 18. exd5 Bf5 19. g4 Bxc2 20. Qxc2 b5 21. b3 bxc4 22.
bxc4 Rb8 23. Rb1 Qa5 24. Be4 Qa3 25. Rb3 Rxb3 26. axb3 Kh8 27. Rb1 Qa5 28. Bd2
Qd8 29. b4 cxb4 30. Bxb4 Qf6 31. Qa4 Rb8 32. Qxa6 Qf4 33. Qxd6 Rxb4 34. Qxb4
Qxe4 35. Rb3 Nf3+ 36. Rxf3 Qxf3 37. Qe7 Bd4 38. Qh4 Qf4 39. d6 Bf6 40. Qg3 Qxg3+
41. fxg3 Be5 42. c5 Bd4+ 0-1

[Event "Spice Cup Open"]
[Site "Saint Louis USA"]
[Date "2012.10.18"]
[Round "6"]
[White "Troff, Kayden W"]
[Black "Bartholomew, John"]
[Result "1-0"]
[WhiteTitle "FM"]
[BlackTitle "IM"]
[WhiteElo "2312"]
[BlackElo "2446"]
[WhiteFideId "2047896"]
[BlackFideId "2019353"]
[EventDate "2012.10.16"]

1. d4 d5 2. c4 c6 3. Nf3 Nf6 4. e3 e6 5. Bd3 Nbd7 6. O-O dxc4 7. Bxc4 b5 8. Bd3
Bb7 9. Nbd2 a6 10. a4 b4 11. e4 c5 12. e5 Nd5 13. Nc4 cxd4 14. Nxd4 Nc5 15. Bc2
h5 16. Re1 Rc8 17. a5 Rc7 18. Nf5 Rd7 19. Ncd6+ Bxd6 20. Nxd6+ Kf8 21. Qd4 Rc7
22. Bd2 b3 23. Nxb7 Nxb7 24. Bxb3 Ne7 25. Qb6 Rd7 26. Bb4 Qxb6 27. axb6 a5 28.
Red1 Rxd1+ 29. Rxd1 axb4 30. Rd7 f5 31. Rxb7 Kf7 32. Rc7 Ra8 33. f4 Ra6 34. b7
Rb6 35. h4 Rb5 36. Bc4 Rb6 37. b3 1-0

[Event "Spice Cup Open"]
[Site "Saint Louis USA"]
[Date "2012.10.18"]
[Round "6"]
[White "Diamant, Andre"]
[Black "Leon Hoyos, Manuel"]
[Result "1/2-1/2"]
[WhiteTitle "GM"]
[BlackTitle "GM"]
[WhiteElo "2471"]
[BlackElo "2603"]
[WhiteFideId "2108356"]
[BlackFideId "5105269"]
[EventDate "2012.10.16"]

1. e4 c5 2. Nf3 d6 3. d4 cxd4 4. Nxd4 Nf6 5. Nc3 g6 6. Be2 Bg7 7. O-O O-O 8. Kh1
Nc6 9. Nb3 a6 10. a4 Be6 11. f4 Na5 12. f5 Nxb3 13. cxb3 Bd7 14. Qe1 b5 15. Qh4
b4 16. fxg6 hxg6 17. Nd5 Nxd5 18. exd5 e5 19. Qxb4 Qe7 20. Qd2 f5 21. Qg5 Qe8
22. Bd2 f4 23. Bg4 Rf5 24. Bxf5 Bxf5 25. Rac1 Qf7 26. Bb4 Bf8 27. Rc6 Be7 28.
Qh6 Qxd5 29. Rc7 Re8 30. h3 Be4 31. Kh2 Qxb3 32. Rxf4 exf4 33. Bc3 Kf7 34. Qxf4+
Bf5 35. Qd4 Ke6 36. Qe3+ Kf7 37. Qd4 Ke6 38. Qe3+ Kf7 1/2-1/2

[Event "Spice Cup Open"]
[Site "Saint Louis USA"]
[Date "2012.10.18"]
[Round "6"]
[White "Neimer, Vitaly"]
[Black "Bykhovsky, Anatoly"]
[Result "1-0"]
[WhiteTitle "IM"]
[BlackTitle "GM"]
[WhiteElo "2384"]
[BlackElo "2522"]
[WhiteFideId "2807017"]
[BlackFideId "2806991"]
[EventDate "2012.10.16"]

1. e4 c5 2. Nc3 Nc6 3. g3 g6 4. Bg2 Bg7 5. d3 d6 6. f4 e6 7. Nf3 Nge7 8. O-O O-O
9. Be3 Rb8 10. Qd2 b5 11. d4 b4 12. Na4 Ba6 13. Rfd1 Bb5 14. dxc5 d5 15. exd5
Nxd5 16. c4 Bxa4 17. cxd5 Bxd1 18. Rxd1 Qxd5 19. Nd4 Qxd4 20. Bxd4 Nxd4 21. c6
Rfc8 22. Rc1 b3 23. c7 Rxc7 24. Rxc7 bxa2 25. Qa5 Rxb2 26. Rc8+ Bf8 27. Qa3 1-0